| 000 | 02036cam a2200457 a 4500 | ||
|---|---|---|---|
| 001 | BK0007222329 | ||
| 003 | DLC | ||
| 005 | 20241220123144.0 | ||
| 008 | 070117s2007 txua b 000 1 eng | ||
| 010 | _a2007061475 | ||
| 020 |
_a9781558854840 : HRD _c$15.95 |
||
| 020 |
_a1558854843 : HRD _c$15.95 |
||
| 037 |
_bArte Publico Pr, Univ Houston 452 Cullen Performance Hall, Houston, TX, USA, 77204-2004 _nSAN 213-4594 |
||
| 040 |
_aDLC _cDLC _dBTCTA _dBAKER _dXY4 _dYDXCP _dTEF _dDLC |
||
| 041 | 1 | _aeng | |
| 041 | 1 |
_aspa _heng |
|
| 050 | 0 | 0 |
_aPZ73 _b.B6856 2007 |
| 082 | 0 | 0 |
_a[E] _222 |
| 092 | _aE | ||
| 092 | _aBROWN | ||
| 100 | 1 |
_aBrown, Monica, _d1969- _95796559 |
|
| 240 | 1 | 0 |
_aButterflies on Carmen Street. _lSpanish & English |
| 245 | 1 | 0 |
_aButterflies on Carmen Street / _cby Monica Brown ; illustrations by April Ward ; spanish translation by Gabriela Baeza Ventura = Mariposas en la calle Carmen / por Monica Brown ; ilustraciones de April Ward ; traducción al español de Gabriela Baeza Ventura. |
| 246 | 3 | 1 | _aMariposas en la calle Carmen |
| 260 |
_aHouston, TX : _bPiñata Books, _c2007. |
||
| 300 |
_a1 v. (unpaged) : _bcol. ill. ; _c29 cm. |
||
| 520 | _aWhile she and her classmates wait for the caterpillars they are raising to be transformed into Monarch butterflies, Julianita's grandfather tells her about the annual migration of these butterflies to his hometown in Mexico. | ||
| 650 | 0 |
_aMonarch butterfly _vJuvenile fiction. _95730670 |
|
| 650 | 0 |
_aButterflies _vJuvenile fiction. _95699015 |
|
| 650 | 0 |
_aGrandfathers _vJuvenile fiction. _95684780 |
|
| 650 | 0 |
_aMexican Americans _vJuvenile fiction. _95717171 |
|
| 650 | 1 |
_aMonarch butterfly _vFiction. _95730669 |
|
| 650 | 1 |
_aButterflies _vFiction. _95675629 |
|
| 650 | 1 |
_aGrandfathers _vFiction. _95684783 |
|
| 650 | 1 |
_aMexican Americans _vFiction. _95685155 |
|
| 650 | 1 |
_aSpanish language materials _xBilingual. _9102597 |
|
| 700 | 1 |
_aWard, April, _eill. _95851621 |
|
| 700 | 1 |
_aVentura, Gabriela Baeza. _95851622 |
|
| 942 |
_cBOOK _038 |
||
| 998 | _aa123674 | ||
| 999 |
_c60712 _d60712 |
||